Ambush at Masai Mara and leopard, a darkness in the grass [

Bibliographic Details
Other Authors: Attenborough, David
Format: Book
Published: London : BBC Video , 1993
Subjects:

MARC

LEADER 00000cam a2200000 7i4500
001 0000001984
002 000002163
005 20021014.0
020 |a 000002163 
090 0 0 |a 599.74428   |b AMB 
245 0 0 |a Ambush at Masai Mara and leopard, a darkness in the grass [  |h video recording]   |c Narrated by David Attenborough 
260 |a London :   |b BBC Video ,   |c 1993 
300 |a 1 Video recording (52 minutes) :   |b col. 
500 |a Library has 1 copy 
650 0 0 |a Lions   |x Leopards   |x Big cats   |z Kenya 
700 1 |a Attenborough, David 
999 |a 00068   |b VIDEO   |c KOLEKSI AUDIO VIDEO   |e PERPUSTAKAAN KOMUNITI PETALING JAYA